Manuel Pellegrini's Manchester City - Statistics

General Stats
  • This quiz has been taken 18 times
  • The average score is 30 of 49
Answer Stats
Rank Player Position Nationality Matches Goals Assists % Correct
6 David Silva Attacking Midfield 117 24 39
100%
14 Edin Džeko Centre-Forward 79 32 14
100%
4 Joe Hart Goalkeeper 129 0 0
100%
24 Kevin De Bruyne Attacking Midfield 41 16 13
100%
5 Sergio Agüero Centre-Forward 119 89 25
100%
3 Yaya Touré Central Midfield 133 44 20
100%
7 Aleksandar Kolarov Left-Back 112 9 19
94%
2 Fernandinho Defensive Midfield 138 14 15
94%
18 Nicolás Otamendi Centre-Back 49 1 0
94%
8 Pablo Zabaleta Right-Back 106 3 12
94%
10 Vincent Kompany Centre-Back 91 7 1
94%
12 Gaël Clichy Left-Back 89 1 6
88%
1 Jesús Navas Right-Back 146 8 33
88%
9 Martín Demichelis Centre-Back 105 4 1
88%
11 Samir Nasri Attacking Midfield 91 16 21
88%
17 Bacary Sagna Right-Back 60 0 3
82%
16 Eliaquim Mangala Centre-Back 64 0 3
82%
20 Raheem Sterling Right Winger 47 11 10
82%
22 Stevan Jovetić Second Striker 44 11 5
82%
21 Wilfried Bony Centre-Forward 46 11 7
82%
19 Álvaro Negredo Centre-Forward 49 23 7
76%
15 Fernando Defensive Midfield 75 4 4
76%
13 James Milner Central Midfield 88 10 19
76%
26 Kelechi Iheanacho Centre-Forward 35 14 4
76%
30 Matija Nastasić Centre-Back 21 0 0
76%
29 Willy Caballero Goalkeeper 21 0 0
71%
33 Micah Richards Right-Back 11 0 2
59%
32 Dedryck Boyata Centre-Back 12 0 0
53%
44 Aleix García Central Midfield 1 0 0
47%
31 Costel Pantilimon Goalkeeper 18 0 0
47%
25 Frank Lampard Central Midfield 38 8 3
47%
23 Javi García Defensive Midfield 43 0 0
47%
28 Joleon Lescott Centre-Back 24 0 0
47%
36 Manu García Attacking Midfield 4 1 0
47%
48 Angeliño Left-Back 1 0 0
41%
27 Fabian Delph Central Midfield 27 2 0
41%
38 Bersant Celina Attacking Midfield 4 0 1
29%
35 Rony Lopes Right Winger 4 0 2
29%
47 Bruno Zuculini Defensive Midfield 1 0 0
24%
37 José Pozo Attacking Midfield 4 1 0
24%
39 Scott Sinclair Left Winger 4 0 0
24%
34 Jack Rodwell Centre-Back 10 0 0
18%
43 Tosin Adarabioyo Centre-Back 1 0 0
18%
49 Brandon Barker Left Winger 1 0 0
12%
41 Cameron Humphreys Centre-Back 2 0 0
12%
42 David Faupala Centre-Forward 1 1 0
6%
46 Emyr Huws Defensive Midfield 1 0 0
6%
45 George Evans Defensive Midfield 1 0 0
6%
40 Patrick Roberts Right Winger 3 0 0
6%
No matching quizzes found
Score Distribution
Percent of People with Each Score
Percentile by Number Answered
Your Score History
You have not taken this quiz